| 000 | 00501nam a2200181Ia 4500 | ||
|---|---|---|---|
| 999 |
_c21167 _d21167 |
||
| 003 | OSt | ||
| 005 | 20200615122846.0 | ||
| 008 | 190216s9999||||xx |||||||||||||| ||und|| | ||
| 020 | _a9788170337232 | ||
| 040 | _coclc | ||
| 082 |
_a304.2 _bHUS/H |
||
| 100 | 1 |
_aHusain, Majid, _9884 _d1938- |
|
| 245 | 0 |
_aHuman Geography / _c Majid Husain |
|
| 250 | _a3rd Ed. | ||
| 260 |
_bRawat Publications, _aJaipur: _c2006. |
||
| 300 | _a581p | ||
| 942 |
_cBK _2ddc _h304.2 _iHUS/H _k304.2 _mHUS/H |
||